000 00483nam a2200169Ia 4500
005 20240402054655.0
008 240331s9999 xx 000 0 und d
020 _a9555800952
082 _bECO
_a330
245 0 _aEconomics reforms in Sri Lanka :
_b post -1977 period /
260 _aColombo :
_bInternational Centre for ethnic studies /
_c2005.
300 _axii, 392 p .,
650 _apolitical
650 _aEconomic
700 _aSaravananthan, muttukrishna.
_eedt
942 _cL
999 _c4979
_d4979